Τι είναι αγάπη; : η απελευθέρωση από το γνωστό

Αποθηκεύτηκε σε:
Λεπτομέρειες βιβλιογραφικής εγγραφής
Κύριος συγγραφέας: Krishnamurti, J. (Jiddu), 1895-1986
Άλλοι συγγραφείς: Μοιράγιας, Άγγελος (Μεταφραστής), Λασκαράτος, Πέτρος (Μεταφραστής)
Μορφή: Βιβλίο
Γλώσσα:Greek
English
Δημοσίευση: Αθήνα : Εκδόσεις Καστανιώτη, 2010.
Θέματα:
Ετικέτες: Προσθήκη ετικέτας
Δεν υπάρχουν, Καταχωρήστε ετικέτα πρώτοι!

MARC

LEADER 00000cam a2200000 a 4500
001 1/121596
008 200619t2010####gr | ||| |||| ||gre||
020 |a 9789600351538 
040 |a GR-MyUa  |b gre  |c GR-MyUa  |e AACR2 
041 1 |a gre  |h eng 
082 7 |a 181.4  |2 (23) 
100 1 |a Krishnamurti, J.   |q (Jiddu),   |d 1895-1986. 
245 1 3 |a Τι είναι αγάπη; :   |b η απελευθέρωση από το γνωστό /   |c Κρισναμούρτι ; μετάφραση Άγγελος Μοιράγιας, Πέτρος Λασκαράτος.  
260 |a Αθήνα :   |b Εκδόσεις Καστανιώτη,   |c 2010.  
300 |a 126 σ. ;   |c 21 εκ.  
500 |a Τίτλος πρωτοτύπου : Freedom from the Known.  
600 1 0 |a Krishnamurti, J.   |q (Jiddu),   |d 1895-1986. 
650 0 |a Philosophy, Indic. 
650 0 |a Philosophy. 
650 0 |a Philosophers  |z India. 
700 1 |a Μοιράγιας, Άγγελος,  |e trl 
700 1 |a Λασκαράτος, Πέτρος,  |e trl 
852 |a INST  |b SAMOS  |e 20200619  |h 181.4 KRI  |p 005300046484  |q 005300046484  |t BK  |y 0 
920 |a Τραγάκη  |b Ζαφειρούλα  |y Σάμος  |z 2019-04 
970 |a Φιλιππή  |b Φάλη  |z 19-06-2020